000 00701nam a22001697a 4500
999 _c80510
_d80510
008 201130b ||||| |||| 00| 0 eng d
040 _bger
_cSTAFF
_erda
_aSTAFF
041 _ager
100 _aMertes, Peter:
245 _a"Der erste Eindruck war ein Schock"
_b30 Jahre Einheit: Die 31-jährige Annemarie Kahl aus Hamburg hat Brandenburg zu ihrer Wahlheimat gemacht. Bis heute erlebt sie Vorurteile in Ost und West/
_cPeter Mertes
650 _aPandemie
773 _dFrankfurt (Oder): Märkisches Verlags- und Druckhaus GmbH & Co KG
_g31. Jahrgang (2020) Nr. 303 vom 30.12.2020, Seite 9
_tMärkische Oderzeitung
942 _cA